000 00521nam a2200181 4500
001 140164
003 ES-MaACL
007 t|
008 070214s1981 sp r ||||1| spa d
100 1 _aSegado del Olmo, Antonio.
_9105103
245 1 3 _aEl día que llegó el mar /
_cAntonio Segado del Olmo.
260 _aMurcia :
_bMediterráneo,
_c1981.
300 _a227 p. ;
_c19 cm.
490 1 _aCol. Mediterráneo
830 0 _aCol. Mediterráneo
_9220302
852 _aES-MaACL
_jL-5305
_bR.105731
999 _c140164
_d140164